00353nam a2200145Ia 4500008004100000041000800041082001600049100001700065245004500082250001100127260002000138300000800158365000800166700003300174230718s9999 xx 000 0 und d aeng a530.12bGHA aGhatak A. K. aQuantum Mechanics Theory And Application aREVISE c1985bMacmillan a640 cRs. aGhatak A. K. & Lokanathan S.